<?xml version="1.0" encoding="UTF-8"?><?xml-stylesheet type="text/xsl" href="static/style.xsl"?><OAI-PMH xmlns="http://www.openarchives.org/OAI/2.0/" xmlns:xsi="http://www.w3.org/2001/XMLSchema-instance" xsi:schemaLocation="http://www.openarchives.org/OAI/2.0/ http://www.openarchives.org/OAI/2.0/OAI-PMH.xsd"><responseDate>2026-04-28T19:27:07Z</responseDate><request verb="GetRecord" identifier="oai:uvadoc.uva.es:10324/49232" metadataPrefix="marc">https://uvadoc.uva.es/oai/request</request><GetRecord><record><header><identifier>oai:uvadoc.uva.es:10324/49232</identifier><datestamp>2021-10-20T20:51:46Z</datestamp><setSpec>com_10324_38</setSpec><setSpec>col_10324_852</setSpec></header><metadata><record xmlns="http://www.loc.gov/MARC21/slim" xmlns:doc="http://www.lyncode.com/xoai" xmlns:xsi="http://www.w3.org/2001/XMLSchema-instance" xmlns:dcterms="http://purl.org/dc/terms/" xsi:schemaLocation="http://www.loc.gov/MARC21/slim http://www.loc.gov/standards/marcxml/schema/MARC21slim.xsd">
<leader>00925njm 22002777a 4500</leader>
<datafield tag="042" ind1=" " ind2=" ">
<subfield code="a">dc</subfield>
</datafield>
<datafield tag="720" ind1=" " ind2=" ">
<subfield code="a">López Caballero, María</subfield>
<subfield code="e">author</subfield>
</datafield>
<datafield tag="260" ind1=" " ind2=" ">
<subfield code="c">2021</subfield>
</datafield>
<datafield tag="520" ind1=" " ind2=" ">
<subfield code="a">En el presente Trabajo de Fin de Grado (TFG) se describe un estudio de caso&#xd;
basado en una intervención educativa en un contexto de desconocimiento del idioma en&#xd;
la clase de matemáticas. Gracias a dicha investigación se podrá observar cuál son las&#xd;
características del lenguaje en relación con las matemáticas a la vez que un componente&#xd;
muy importante, el dominio afectivo. El estudio de caso es el método de investigación&#xd;
seleccionado, a partir de una programación individualizada orientada a los beneficios de&#xd;
la participante. Por último, se presentan los resultados obtenidos junto con los contenidos&#xd;
trabajados. Para finalizar, se exponen las conclusiones obtenidas durante la ejecución de&#xd;
todo el trabajo.</subfield>
</datafield>
<datafield tag="520" ind1=" " ind2=" ">
<subfield code="a">In the present Final Degree Project is decribed a case study based on an&#xd;
educational intervention in a context of language unknowledge in mathematic class.&#xd;
Thanks to this research, it will be possible to observe which are the characteristics of&#xd;
language in relation to mathematics as well as a very important component, the affective&#xd;
domain. The case study is the selected research method, based on an individualized&#xd;
program oriented to the benefits of the participant. Finally, the results obtained are&#xd;
presented together with the contents worked on. In the end, the conclusions obtained&#xd;
during the execution of all the work are presented.</subfield>
</datafield>
<datafield tag="024" ind2=" " ind1="8">
<subfield code="a">https://uvadoc.uva.es/handle/10324/49232</subfield>
</datafield>
<datafield tag="245" ind1="0" ind2="0">
<subfield code="a">Derribando barreras lingüísticas en el aula de matemáticas: un estudio de caso</subfield>
</datafield>
</record></metadata></record></GetRecord></OAI-PMH>